Movies by Emoji Quiz #1 - Statistics

General Stats
  • This quiz has been taken 104 times
  • The average score is 10 of 20
Answer Stats
Emoji Movie % Correct
🎈🀑 IT
86%
πŸŒπŸŒ‹πŸ¦– Jurassic Park
85%
🚒🌊 Titanic
85%
πŸ‘»πŸš« Ghostbusters
84%
πŸ•·οΈπŸ™οΈπŸ•ΈοΈ Spiderman
84%
πŸ¦‡πŸ‘¨ Batman
78%
🍫πŸͺ™πŸ­ Willy Wonka & the Chocolate Factory
73%
πŸ§™β€β™‚οΈπŸ“š Harry Potter
55%
πŸš€πŸŒŒ Interstellar
54%
🦍🏝️ King Kong
54%
πŸ€΅πŸ”«πŸΈ James Bond
42%
πŸ““πŸ’‘πŸžοΈ The Notebook
41%
πŸ•΅οΈβ€β™‚οΈπŸ•°οΈ Sherlock Holmes
38%
πŸΉβš”πŸ•Š The Hunger Games
35%
πŸš—πŸŽοΈπŸ Fast & Furious
33%
πŸŒͺ🟑🧱 Wizard of Oz
32%
πŸšΆβ€β™‚οΈπŸžοΈ Forrest Gump
20%
πŸ•°οΈπŸ›Έ Back to the Future
15%
πŸ•°οΈβš™οΈ The Time Machine
4%
πŸ€–πŸ€–πŸ€– The Matrix
2%
No matching quizzes found
Score Distribution
Percent of People with Each Score
Percentile by Number Answered
Your Score History
You have not taken this quiz